Score 0/16 Timer 02:30
3 Plays Today
% Correct
Superman
96.7%
San Jose Sharks
95.7%
Pittsburgh Penguins
95.6%
Adidas
95.3%
Mitsubishi
92.2%
Google Play
89.6%
Google Drive
87.8%
Airbnb
85.2%
% Correct
Guess
84.1%
AOL
82.4%
Canadian Tire
81.5%
Toblerone
81.3%
Qantas
81.2%
Delta Air Lines
79.8%
Reebok
65.6%
Citgo
64.9%
Remove Ads.
Support Sporcle.
Get the best of Sporcle when you Go Orange. This ad-free experience offers more features, more stats, and more fun while also helping to support Sporcle. Thank you for becoming a member.

You're not logged in!

Compare scores with friends on all Sporcle quizzes.
OR
Log In

Show Comments

Extras

Top Quizzes Today


Score Distribution

Your Account Isn't Verified!

In order to create a playlist on Sporcle, you need to verify the email address you used during registration. Go to your Sporcle Settings to finish the process.

Report this User

Report this user for behavior that violates our Community Guidelines.

Details: